MONTAJE DE ORIGINALES GRAFICOS PARA SU REPRODUCCION : (Registro nro. 7296)
[ vista simple ]
| 000 -LEADER | |
|---|---|
| fixed length control field | 00572nam a2200193 a 4500 |
| 001 - CONTROL NUMBER | |
| control field | 7296 |
| 005 - DATE AND TIME OF LATEST TRANSACTION | |
| control field | 20180713191205.0 |
| 008 - FIXED-LENGTH DATA ELEMENTS--GENERAL INFORMATION | |
| fixed length control field | 140415s1983 sp 000 0 spa d |
| 041 ## - LANGUAGE CODE | |
| Language code of text/sound track or separate title | spa |
| 082 ## - DEWEY DECIMAL CLASSIFICATION NUMBER | |
| Classification number | 769.5 |
| Item number | DEM |
| 100 1# - MAIN ENTRY--PERSONAL NAME | |
| Personal name | DEMONEY, JERRY |
| 245 10 - TITLE STATEMENT | |
| Title | MONTAJE DE ORIGINALES GRAFICOS PARA SU REPRODUCCION : |
| Remainder of title | UN MANUAL PRACTICO |
| 250 ## - EDITION STATEMENT | |
| Edition statement | 2a ed. |
| 260 ## - PUBLICATION, DISTRIBUTION, ETC. | |
| Place of publication, distribution, etc. | ESPAÑA : |
| Name of publisher, distributor, etc. | GUSTAVO GILI, |
| Date of publication, distribution, etc. | 1983 |
| 300 ## - PHYSICAL DESCRIPTION | |
| Extent | 163 |
| 650 14 - SUBJECT ADDED ENTRY--TOPICAL TERM | |
| Topical term or geographic name entry element | DISEO GRAFICO |
| General subdivision | ENSAMBLAJE (ARTE) |
| 700 1# - ADDED ENTRY--PERSONAL NAME | |
| Personal name | JERRY DEMONEY, SUSAN E. MEYER |
| Relator term | tr. |
| 700 1# - ADDED ENTRY--PERSONAL NAME | |
| Personal name | MEYER, SUSAN E. |
| Relator term | coaut. |
| Withdrawn status | Lost status | Source of classification or shelving scheme | Damaged status | Not for loan | Collection code | Home library | Current library | Shelving location | Date acquired | Source of acquisition | Inventory number | Total Checkouts | Full call number | Barcode | Date last seen | Price effective from | Koha item type |
|---|---|---|---|---|---|---|---|---|---|---|---|---|---|---|---|---|---|
| Dewey Decimal Classification | General | Biblioteca Karol Wojtyla | Biblioteca Karol Wojtyla | Sala general | 03/12/2013 | Compra | 151000000000000000023314 | 769.5 DEM | 20133 | 05/01/2026 | 03/12/2013 | Libro | |||||
| Dewey Decimal Classification | General | Biblioteca Karol Wojtyla | Biblioteca Karol Wojtyla | Sala general | 03/12/2013 | Compra | 151000000000000000023315 | 769.5 DEM | 24018 | 05/01/2026 | 03/12/2013 | Libro |